Rubber planting materials: Development and propagation (Record no. 52886)

MARC details
000 -LEADER
fixed length control field 00477nam a2200157Ia 4500
100 ## - MAIN ENTRY--AUTHOR NAME
Personal name Saraswathyamma C.K.
245 #0 - TITLE STATEMENT
Title Rubber planting materials: Development and propagation
260 ## - PUBLICATION, DISTRIBUTION, ETC. (IMPRINT)
Name of publisher Rubber Research Institute of India, Rubber Board, Kottayam, 114 p. (Malayalam)
Year of publication 1996
650 ## - SUBJECT ADDED ENTRY--TOPICAL TERM
Topical Term Budding
650 ## - SUBJECT ADDED ENTRY--TOPICAL TERM
Topical Term Clone
650 ## - SUBJECT ADDED ENTRY--TOPICAL TERM
Topical Term Planting material
650 ## - SUBJECT ADDED ENTRY--TOPICAL TERM
Topical Term Propagation
700 ## - ADDED ENTRY--PERSONAL NAME
Personal name Marattukalam J.G.
942 ## - ADDED ENTRY ELEMENTS (KOHA)
Koha item type Bibliography STAF
Holdings
Withdrawn status Lost status Damaged status Not for loan Home library Current library Date acquired Koha item type
      Bibliography RRII Library RRII Library 09/04/2014 Bibliography STAF